Marubhoomikal pookkumbol/ (Record no. 138879)

000 -LEADER
fixed length control field 00386nam a22001451a 4500
082 ## - DEWEY DECIMAL CLASSIFICATION NUMBER
Classification number M300 7
Item number VIJ/M
100 ## - MAIN ENTRY--PERSONAL NAME
Personal name Vijayan M N
9 (RLIN) 58032
245 ## - TITLE STATEMENT
Title Marubhoomikal pookkumbol/
Statement of responsibility, etc. by Vijayan M N
260 ## - PUBLICATION, DISTRIBUTION, ETC.
Place of publication, distribution, etc. Calicut:
Name of publisher, distributor, etc. Pappiyon,
Date of publication, distribution, etc. 1999.
300 ## - PHYSICAL DESCRIPTION
Extent 98p.
650 ## - SUBJECT ADDED ENTRY--TOPICAL TERM
Topical term or geographic name entry element Novel Malayalam Study
9 (RLIN) 58033
650 ## - SUBJECT ADDED ENTRY--TOPICAL TERM
Topical term or geographic name entry element Literature Malayalam
9 (RLIN) 58034
650 ## - SUBJECT ADDED ENTRY--TOPICAL TERM
Topical term or geographic name entry element Literature
9 (RLIN) 58035
942 ## - ADDED ENTRY ELEMENTS (KOHA)
Koha item type Book
Holdings
Withdrawn status Lost status Damaged status Not for loan Permanent Location Current Location Shelving location Date acquired Cost, normal purchase price Total Checkouts Total Renewals Full call number Barcode Date last seen Date last checked out Price effective from Koha item type Source of classification or shelving scheme
        Sree Sankaracharya University of Sanskrit Sree Sankaracharya University of Sanskrit Stacks 04.09.2018 45.00 3 1 M300 7 VIJ/M 091537 23.12.2021 04.12.2021 04.09.2018 Book  
Write off       Sree Sankaracharya University of Sanskrit Sree Sankaracharya University of Sanskrit   22.12.2023       M300 7 VIJ/M 020499 22.12.2023   22.12.2023 Book